Normal view
MARC view
- Muhammad Afnan Aziz Khan (00000319006)
Entry Personal Name
001 - CONTROL NUMBER
- control field: 116628
003 - CONTROL NUMBER IDENTIFIER
- control field: NUST
005 - DATE AND TIME OF LATEST TRANSACTION
- control field: 20230912170015.0
008 - FIXED-LENGTH DATA ELEMENTS
- fixed length control field: 230912|| aca||aabn | a|a d
040 ## - CATALOGING SOURCE
- Original cataloging agency: NUST
- Transcribing agency: NUST
100 ## - HEADING--PERSONAL NAME
- Personal name: Muhammad Afnan Aziz Khan (00000319006)
670 ## - SOURCE DATA FOUND
- Source citation: Work cat.: (NUST): Muhammad Afnan Aziz Khan (00000319006), State of Charge and State of Health Estimation Using Pseudo Random Binary Sequences and Machine Learning /, 2021
